000 01369nam a2200253 a 4500
001 48976
003 BD-RjUL
005 20211209054621.0
008 160817s1986 ii a|||| |||| 00| 0 ben d
020 _c: Tk. 25.00
035 _a(BD-RjUL) 49095
040 _aBD-RjUL
_bben
_cBD-RjUL
041 _aben
082 _223
_a891.209
_bGOS 1986
100 1 _aগোস্বামী, জয়দেব
_9147453
245 1 0 _aশ্রীশ্রীগীতগোবিন্দম :
_bমূল সংস্কৃত এবং বিবিধ পদ্যছন্দে সরল বাংলা ভাষায় পদ্যানুবাদ /
_cজয়দেব গোস্বামী ; নরহরি দাস, অনুবাদক ; বেণীমাধব শীল সম্পাদিত
260 _aকলিকাতা :
_bঅক্ষয় লাইব্রেরী,
_c১৯৮৬ (১৩৯৩)
300 _a১৬৮ পৃ. :
_bচিত্র ;
_c২১ সেমি.
650 _aসংস্কৃত সাহিত্য
_xইতিহাস ও সমালোচনা
_9119695
650 _aSanskrit Literature
_xHistory and Criticism
_9119696
700 _aদাস, নরহরি, অনুবাদক
_9147454
700 _aশীল, বেণীমাধব, সম্পাদিত
_9147455
942 _2ddc
_cBK
999 _c48976
_d48976